000 00272 a2200085 4500
020 _a9780300203950
100 _aAnn C. Huppert
245 _aBecoming an Architect in Renaissance Italy: Art, Science, and the Career of Baldassarre Peruzzi
260 _bYale University Press
_c2015
999 _c13475
_d13475